| 000 | 06440 a2200457 4500 | ||
|---|---|---|---|
| 005 | 2009042409489.0 | ||
| 008 | 090424t xxu||||| |||| 00| 0 hind | ||
| 010 | _aB-285800-819 | ||
| 020 |
_a8189612832 _c600.00 |
||
| 035 | _aB-285800-819 | ||
| 037 | _bओमेगा पब्लिकेशन्स | ||
| 040 |
_adpl _bhn |
||
| 082 | _a001.42 | ||
| 100 | _aवोहरा, वंदना | ||
| 245 |
_aरिसर्च मैथ्डोलॉजी / _cवंदना वोहरा |
||
| 260 |
_aनई दिल्ली _bओमेगा पब्लिकेशन्स _c2007 |
||
| 270 |
_a4398/5, अंसारी रोड, दरियागंज _bनई दिल्ली _cदिल्ली _e110002 |
||
| 300 |
_a248पृ _c22 सेमी (सजिल्द) |
||
| 942 |
_adpl _cHN _k / वोहरा _2ddc _h001.42 _m वोहरा |
||
| 999 |
_c12928 _d12928 |
||